000
00204 a2200097 4500
001
9388
100
_a
Tillett, J
245
_a
Practical comprehension.
260
_a
_b
Hutchinson
_c
090
_c
7548
_d
7548
942
_a
NUST-CAE
_c
M
_c
34209
999
_c
244461
_d
244461